|
|
|
|
| LEADER |
01394nam a2200397 a 4500 |
| 001 |
nkc20091864731 |
| 003 |
CZ PrNK |
| 005 |
20170418235009.0 |
| 007 |
ta |
| 008 |
090416s2009 xr a e 000 m cze |
| 015 |
|
|
|a cnb001864731
|
| 020 |
|
|
|a 978-80-86912-28-8
|q (váz.)
|
| 035 |
|
|
|a (OCoLC)321044566
|
| 040 |
|
|
|a ABA001
|b cze
|
| 072 |
|
7 |
|a 398
|x Folklor. Lidové tradice
|2 Konspekt
|9 1
|
| 080 |
|
|
|a 398.332.12
|2 MRF
|
| 080 |
|
|
|a (082)
|2 MRF
|
| 100 |
1 |
|
|a Ebr, Vratislav,
|d 1942-2023
|7 jn19981000941
|4 aut
|
| 245 |
1 |
0 |
|a Velikonoce :
|b (malé povídání o velkých dnech) /
|c Vráťa Ebr, [ilustroval] Miroslav Pavlík
|
| 250 |
|
|
|a 1. vyd.
|
| 260 |
|
|
|a Praha :
|b Krigl,
|c [2009]
|
| 300 |
|
|
|a 106 s. :
|b il. ;
|c 18 cm
|
| 650 |
0 |
7 |
|a Velikonoce
|7 ph117157
|2 czenas
|
| 650 |
0 |
7 |
|a velikonoční zvyky
|7 ph137510
|2 czenas
|
| 650 |
0 |
9 |
|a Easter
|2 eczenas
|
| 650 |
0 |
9 |
|a Easter customs
|2 eczenas
|
| 655 |
|
7 |
|a sborníky
|7 fd163935
|2 czenas
|
| 655 |
|
9 |
|a miscellanea
|2 eczenas
|
| 700 |
1 |
|
|a Pavlík, Miroslav,
|d 1940-2022
|7 mzk2005266343
|4 ill
|
| 856 |
4 |
1 |
|u http://www.digitalniknihovna.cz/mzk/uuid/uuid:c8313d20-0a24-11e7-9446-005056827e51
|y Digitalizovaný dokument
|x NDK
|
| 910 |
2 |
|
|a BOA001
|b 1-1224.502
|
| 928 |
9 |
|
|a Agentura Krigl
|
| 990 |
|
|
|a BK
|
| 995 |
|
|
|a 01
|
| 991 |
|
|
|b 200906
|c NOV
|
| 996 |
6 |
|
|b 2610379905
|c 1-1224.502
|l MZK
|r Sklad / do 1 hodiny
|n 2
|p p.v.
|w 000942569
|u 000010
|a 1
|e BOA001
|j MZK50
|s P
|